| 000 | 00448nam a2200169Ia 4500 | ||
|---|---|---|---|
| 008 | 131103s9999 xx 000 0 und d | ||
| 040 | _aLoreto College | ||
| 041 | _aEnglish | ||
| 082 |
_a510.7/MAR _bLCBED/3631 |
||
| 100 | _aMarsh, L. G | ||
| 245 |
_aLet's explore mathematics book 4 _cL. G. marsh |
||
| 260 |
_aLondon _bA & G Black _c1967 |
||
| 300 |
_a96p. _b ill. _c 21cm. |
||
| 650 | _aMathematics | ||
| 850 | _aLCBED/510.7/MAR | ||
| 942 | _cBK | ||
| 999 |
_c28272 _d78751 |
||